000 00765cam a2200229 a 4500
001 000008623
005 20200929161356.0
008 791018s1985 cu 001 f spa
020 _a8432203505
040 _aDO-SdBNP
_dBNPHU
082 _aV863.44
_bA284S
100 1 _aOtero Silva, Miguel,
_b1908-1985.
_923057
245 1 0 _aLope de Aguirre :
_bprincipe de la libertad /
_cMiguel Otero Silva.
260 _aCuba :
_bCasa de las Américas,
_c1985.
300 _a344 p. ;
_c19 cm.
490 1 _aLa honda casa de las américas de Cuba
600 1 0 _aAGUIRRE, LOPE DE,
_d1510-1561
_913665
650 4 _aNovela venezolana
_93962
650 4 _aLiteratura venezolana
_93816
830 0 _aLa honda casa de las américas de Cuba.
_923058
910 _aCatalogación derivada
999 _c8393
_d8393